000 00771nam a2200121Ia 4500
008 220615s9999||||xx |||||||||||||| ||und||
245 4 _aThe Early Years
_bChild Well-Being and the Role of Public Policy
546 _aEnglish[eng]
650 _aEconomics||Development Economics||Social Policy||Children||Youth and Family Policy||Sociology||Childhood and Youth||Development||Children and Youth||International Economics
700 _aBerlinski, Samuel||Schady, Norbert
856 _uhttps://library.oapen.org/bitstream/20.500.12657/28151/1/1001843.pdf||https://library.oapen.org/bitstream/20.500.12657/28151/1/1001843.pdf||https://library.oapen.org/bitstream/20.500.12657/28151/1/1001843.pdf||https://library.oapen.org/bitstream/20.500.12657/28151/1/1001843.pdf
942 _cEB
999 _c15166
_d15166